Science Quiz

Random Science or Anatomy Quiz

206 Human Bones Quiz Stats

 Plays Quiz Updated Dec 26, 2018

     
Support Sporcle.
Go Orange.
Score 0/55 Timer 10:00
16 Plays Today
% Correct
Femur
86.4%
Tibia
86.1%
Ulna
85.8%
Radius
84.6%
Fibula
82.8%
Humerus
81.4%
Mandible
80.9%
Scapula
79.8%
Clavicle
79.4%
Metacarpal
75.9%
Metatarsal
75.7%
Lumbar vertebrae
75.5%
Sternum
75%
Coccyx
74.8%
Ribs
74.4%
Frontal
73.7%
Patella
73.3%
Thoracic vertebrae
72.6%
Cervical vertebrae
72.2%
Occipital
71.7%
Temporal
68.5%
Parietal
67%
Maxilla
66.6%
Hyoid
66%
Sacrum
65.8%
Hip bone
64.2%
Nasal
60.4%
Zygomatic
58.4%
% Correct
Stapes
56.3%
Incus
54.7%
Sphenoid
54.6%
Ethmoid
51.5%
Malleus
50.7%
Calcaneus
50.4%
Distal phalanges
50%
Proximal phalanges
48.7%
Trapezoid
48.6%
Trapezium
47.2%
Hamate
46.8%
Lunate
46.4%
Scaphoid
45.3%
Vomer
44.7%
Lacrimal
44%
Intermediate phalanges
43.8%
Talus
43.6%
Pisiform
43.2%
Cuboid
43%
Capitate
41%
Palatine
38.8%
Navicular
38.8%
Triquetrum
38.2%
Inferior nasal conchae
37.2%
Medial cuneiform
35.6%
Lateral cuneiform
35.5%
Intermediate cuneiform
34.8%

From the Vault

Planets by Size

by beachybum28

Science 60s
Pluto is still not a planet, and we are very sorry for those of you who still feel otherwise.
Remove Ads.
Support Sporcle.
Get the best of Sporcle when you Go Orange. This ad-free experience offers more features, more stats, and more fun while also helping to support Sporcle. Thank you for becoming a member.

Show Comments

Extras

Top Quizzes Today


Score Distribution

Your Account Isn't Verified!

In order to create a playlist on Sporcle, you need to verify the email address you used during registration. Go to your Sporcle Settings to finish the process.

Report this User

Report this user for behavior that violates our Community Guidelines.

Details: